[Event "Saratov Regional-ch"]
[Site "Saratov"]
[Date "2014.12.06"]
[Round "1"]
[White "Protopopova, Anastasiya"]
[Black "Machkalyan, Karen"]
[Result "1-0"]
[WhiteElo "2075"]
[BlackElo "1769"]
[PlyCount "49"]
[EventDate "2014.12.06"]
[EventType "swiss"]
[EventRounds "9"]
[EventCountry "RUS"]
[SourceTitle "CBM 164 Extra"]
[Source "ChessBase"]
[SourceDate "2015.03.02"]
[SourceVersion "1"]
[SourceVersionDate "2015.03.02"]
[SourceQuality "1"]

1. Nf3 e6 2. c4 Nf6 3. Nc3 c5 4. g3 b6 5. Bg2 Bb7 6. 0-0 d5 7. cxd5 Nxd5 8. d4 h6 9. Re1 Be7 10. e4 Nxc3 11. bxc3 0-0 12. Rb1 Nd7 13. d5 exd5 14. exd5 Nf6 15. c4 Bd6 16. Bb2 Re8 17. Qc2 Nd7 18. Rxe8+ Qxe8 19. Re1 Qf8 20. Nh4 b5 21. Nf5 g6 22. Bg7 Qb8 23. Nxd6 Qxd6 24. Bxh6 bxc4 25. Re6 1-0

[Event "Saratov-ch"]
[Site "Saratov"]
[Date "2014.03.05"]
[Round "9"]
[White "Machkalyan, Karen"]
[Black "Dmitrieva, Galina Vladimirovna"]
[Result "1-0"]
[WhiteElo "1783"]
[BlackElo "2228"]
[PlyCount "73"]
[EventDate "2014.02.24"]
[EventType "swiss"]
[EventRounds "9"]
[EventCountry "RUS"]
[SourceTitle "CBM 159 Extra"]
[Source "ChessBase"]
[SourceDate "2014.04.24"]
[SourceVersion "1"]
[SourceVersionDate "2014.04.24"]
[SourceQuality "1"]

1. e4 e5 2. Nf3 Nc6 3. Bc4 Nf6 4. d3 Be7 5. c3 h6 6. Bb3 0-0 7. 0-0 d6 8. h3 Na5 9. Bc2 c5 10. Nh2 b5 11. a3 Be6 12. f4 Nc6 13. f5 Bd7 14. Qf3 a5 15. Qg3 Kh7 16. Ng4 Nxg4 17. Qxg4 Bg5 18. Nd2 Qf6 19. Nf3 Kg8 20. Nxg5 Qd8 21. Nf3 Kh7 22. Qh5 f6 23. Qg6+ Kh8 24. Bb3 Be8 25. Qg3 Qb6 26. Kh1 a4 27. Bd5 Rc8 28. Nh4 Ne7 29. Be6 Rd8 30. Rf3 d5 31. exd5 Qd6 32. c4 bxc4 33. dxc4 Qa6 34. Rc3 Qd6 35. Be3 Bf7 36. Qf2 Bxe6 37. Bxc5 1-0